Desarrollo y Educación en América Latina y el Caribe / (Registro nro. 6080)
[ vista simple ]
| 000 -LEADER | |
|---|---|
| fixed length control field | 01126nam a2200253Ia 4500 |
| 003 - CONTROL NUMBER IDENTIFIER | |
| control field | OSt |
| 005 - DATE AND TIME OF LATEST TRANSACTION | |
| control field | 20200827150129.0 |
| 008 - FIXED-LENGTH DATA ELEMENTS--GENERAL INFORMATION | |
| fixed length control field | 191128s1987 ar gr 000 0 spa d |
| 020 ## - INTERNATIONAL STANDARD BOOK NUMBER | |
| International Standard Book Number | 9501361349 |
| 040 ## - CATALOGING SOURCE | |
| Original cataloging agency | Co-JMCR |
| Transcribing agency | Co-JMCR |
| 041 0# - LANGUAGE CODE | |
| Language code of text/sound track or separate title | spa |
| 082 04 - DEWEY DECIMAL CLASSIFICATION NUMBER | |
| Classification number | 370.98 / |
| Item number | C733d |
| Edition number | 23 |
| 110 1# - MAIN ENTRY--CORPORATE NAME | |
| Corporate name or jurisdiction name as entry element | Comisión Económica para América Latina |
| 9 (RLIN) | 9375 |
| 245 10 - TITLE STATEMENT | |
| Title | Desarrollo y Educación en América Latina y el Caribe / |
| Statement of responsibility, etc. | Comisión Económica para América Latina ; German W. Rama coordinador |
| 260 ## - PUBLICATION, DISTRIBUTION, ETC. | |
| Place of publication, distribution, etc. | Buenos Aires : |
| Name of publisher, distributor, etc. | Kapeluz, |
| Date of publication, distribution, etc. | 1987. |
| 300 ## - PHYSICAL DESCRIPTION | |
| Extent | 245 páginas ; |
| Dimensions | 24 cm. |
| 490 0# - SERIES STATEMENT | |
| Series statement | Biblioteca de cultura pedagogica : Serie educación y sociedad |
| 500 ## - GENERAL NOTE | |
| General note | Incluye notas a pie de páginas. |
| 505 0# - FORMATTED CONTENTS NOTE | |
| Formatted contents note | Principales líneas de cambio estructural a partir de 1950 -- Educación, clases sociales y estratificación socio-ocupacional, en América Latina -- La relación entre la educación y el empleo -- Descripción de las principales tendencias del sistema |
| 650 24 - SUBJECT ADDED ENTRY--TOPICAL TERM | |
| Topical term or geographic name entry element | Educación |
| 9 (RLIN) | 9376 |
| 650 24 - SUBJECT ADDED ENTRY--TOPICAL TERM | |
| Topical term or geographic name entry element | Sociología de la educación |
| 9 (RLIN) | 9377 |
| 700 1# - ADDED ENTRY--PERSONAL NAME | |
| Personal name | Rama, Germán W., |
| Relator term | coordinador |
| 9 (RLIN) | 9378 |
| 942 ## - ADDED ENTRY ELEMENTS (KOHA) | |
| Source of classification or shelving scheme | Dewey Decimal Classification |
| Koha item type | Books |
| Withdrawn status | Lost status | Source of classification or shelving scheme | Materials specified (bound volume or other part) | Damaged status | Not for loan | Home library | Current library | Shelving location | Date acquired | Source of acquisition | Full call number | Barcode | Date last seen | Copy number | Price effective from | Koha item type |
|---|---|---|---|---|---|---|---|---|---|---|---|---|---|---|---|---|
| Dewey Decimal Classification | Donación--15/04/2018-- | Biblioteca Pública José María del Castillo y Rada | Biblioteca Pública José María del Castillo y Rada | General Stacks | 11/28/2019 | Donación | 370.98 / C733d | 430011599 | 05/16/2024 | V.1 / Ej.1 | 11/28/2019 | Books |